000 01333nam0a22003011 4500
001 v19\rc\1613803
005 20250618224905.0
035 _a(NLR Aleph) 004733762
090 _a4460275
_c4460275
100 _a20061002d1902 |||y0rusy50 ca
101 0 _arus
102 _aRU
105 _ay z |||||
200 1 _aЛегенда сельца "Гремучего Ключа" Мценского уезда
_eИз Орлов. преданий
_f[Соч.] А.К. Юрасовского
210 _aОрел
_cтип. газ. "Орлов. вестн."
_d1902
215 _a[2], 16 с.
_d22
300 _aПеред загл. авт.: Александр Юрасовский, секр. Орловск. учен. архивной комис.
300 _aНапеч. также в: "Тр. Орловск. уч. арх. комис." за 1901/2 гг. 1903, с. 46-57
316 _aЭкз. РНБ (40.21.7.344): с автогр. авт.
_5NLR: 40.21.7.344
532 1 3 _aЛегенда сельца Гремучего Ключа Мценского уезда
700 1 _aЮрасовский
_bА.К.
_gАлександр Константинович
801 0 _aRU
_bNLR
_gpsbo
801 0 _aRU
_bRuMoRGB
_2psbo
801 1 _aRU
_bProSoft-M
_2rusmarc
852 _aNLR
_j40.21.7.344
899 _aГПИБ
942 _cBOOK
980 _aNB